000 00522nam a2200181Ia 4500
001 18050
005 20260306171602.0
008 260306s9999||||xx |||||||||||||| ||und||
041 _aESP
082 _a658.4
_bE75
100 _aConvención Empresarial (3º. 1997. Lima, Perú)
_eAUT
245 0 _aCreación de valor y gerencia:
_bConvención Empresarial de ESAN 1997, 5 y 6 de noviembre de 1997
260 _c1998
300 _a263 páginas :
_c25 cm.
650 _aGEN
654 _aCAN
942 _cLIB
_dJUS
_fJUS
_2ddc
_n
999 _c18050
_d18050